Mechanics of materials / (Record no. 11638)
[ view plain ]
| 000 -LEADER | |
|---|---|
| fixed length control field | 00504cam a22001814a 4500 |
| 020 ## - INTERNATIONAL STANDARD BOOK NUMBER | |
| ISBN | 0073659355 |
| 040 ## - CATALOGING SOURCE | |
| Transcribing agency | DLC |
| 082 00 - DEWEY DECIMAL CLASSIFICATION NUMBER | |
| Classification number | 620 HIL 2002 A038 Or. |
| 100 1# - MAIN ENTRY--AUTHOR NAME | |
| Personal name | Beer, Ferdinand P. |
| 245 10 - TITLE STATEMENT | |
| Title | Mechanics of materials / |
| 250 ## - EDITION STATEMENT | |
| Edition statement | 3rd ed. |
| 260 ## - PUBLICATION, DISTRIBUTION, ETC. (IMPRINT) | |
| Place of publication | New York : |
| Name of publisher | McGraw-Hill, |
| Year of publication | 2002. |
| 300 ## - PHYSICAL DESCRIPTION | |
| Number of Pages | xix, 788 p. : |
| Other physical details | col.ill. ; |
| Dimensions | 27 cm. + |
| Accompanying material | 1 computer optical disc (4 3/4 in.) |
| 650 #0 - SUBJECT ADDED ENTRY--TOPICAL TERM | |
| Topical Term | Strength of materials. |
| 700 1# - ADDED ENTRY--PERSONAL NAME | |
| Personal name | Johnston, E. Russell |
| 700 1# - ADDED ENTRY--PERSONAL NAME | |
| Personal name | DeWolf, John T. |
| 942 ## - ADDED ENTRY ELEMENTS (KOHA) | |
| Koha item type | សៀវភៅភាសាអង់គ្លេស |
| 952 ## - LOCATION AND ITEM INFORMATION (KOHA) | |
| Withdrawn status [LOCAL, KOHA] | 0 |
| Permanent Location | Date acquired | Koha item type | Lost status | Shelving location | Barcode | Current Location | Full call number |
|---|---|---|---|---|---|---|---|
| Library Block A | 2017-08-04 | សៀវភៅភាសាអង់គ្លេស | A038 | A14079 | Library Block A | 620 HIL 2002 A038 Co. |